[Event "4NCL Div 1 2018-19"]
[Site "Daventry"]
[Date "2019.01.12"]
[Round "3"]
[White "Camp, Imogen A L"]
[Black "Maroroa, Sue"]
[Result "0-1"]
[WhiteElo "1917"]
[BlackElo "2120"]
[Annotator "NA"]
[PlyCount "104"]
[EventDate "2019.01.12"]
[EventCountry "GBR"]
[SourceTitle "playchess.com"]
[Source "ChessBase"]
[SourceQuality "1"]
[TimeControl "40"]

1. d4 {[%emt 0:00:00]} Nf6 {[%emt 0:00:00]} 2. c4 {[%emt 0:00:00]} g6 {[%emt 0:00:00]} 3. Nc3 {[%emt 0:00:00]} Bg7 {[%emt 0:00:00]} 4. e4 {[%emt 0:00:00]} d6 {[%emt 0:00:00]} 5. Nf3 {[%emt 0:00:00]} O-O {[%emt 0:00:00]} 6. Be2 {[%emt 0:00:00]} Nc6 {[%emt 0:00:00]} 7. O-O {[%emt 0:00:00]} e5 {[%emt 0:00:00]} 8. d5 {[%emt 0:00:00]} Ne7 {[%emt 0:00:00]} 9. Ne1 {[%emt 0:00:00]} Ne8 {[%emt 0:00:00]} 10. Be3 {[%emt 0:00:00]} f5 {[%emt 0:00:00]} 11. f3 {[%emt 0:00:00]} f4 {[%emt 0:00:00]} 12. Bf2 {[%emt 0:00:00]} g5 {[%emt 0:00:00]} 13. Rc1 {[%emt 0:00:00]} h5 {[%emt 0:00:00]} 14. Nd3 {[%emt 0:00:00]} Rf6 {[%emt 0:00:00]} 15. c5 {[%emt 0:00:00]} Rg6 {[%emt 0:00:00]} 16. cxd6 {[%emt 0:00:00]} cxd6 {[%emt 0:00:00]} 17. Qb3 {[%emt 0:00:00]} g4 {[%emt 0:00:00]} 18. Bh4 {[%emt 0:00:00]} Bf6 {[%emt 0:00:00]} 19. Bxf6 {[%emt 0:00:00]} Nxf6 {[%emt 0:00:00]} 20. Nxe5 {[%emt 0:00:00]} dxe5 {[%emt 0:00:00]} 21. d6+ {[%emt 0:00:00]} Kh8 {[%emt 0:00:00]} 22. dxe7 {[%emt 0:00:00]} Qxe7 {[%emt 0:00:00]} 23. Nd5 {[%emt 0:00:00]} Nxd5 {[%emt 0:00:00]} 24. Qxd5 {[%emt 0:00:00]} Rd6 {[%emt 0:00:00]} 25. Qc5 {[%emt 0:00:00]} Qf6 {[%emt 0:00:00]} 26. Rfd1 {[%emt 0:00:00]} Rc6 {[%emt 0:00:00]} 27. Qd5 {[%emt 0:00:00]} Rxc1 {[%emt 0:00:00]} 28. Rxc1 {[%emt 0:00:00]} Be6 {[%emt 0:00:00]} 29. Qxb7 {[%emt 0:00:00]} Rd8 {[%emt 0:00:00]} 30. Qxa7 {[%emt 0:00:00]} g3 {[%emt 0:00:00]} 31. h3 {[%emt 0:00:00]} Rd2 {[%emt 0:00:00]} 32. Qb8+ {[%emt 0:00:00]} Kg7 {[%emt 0:00:00]} 33. Bf1 {[%emt 0:00:00]} Bxa2 {[%emt 0:00:00]} 34. Qa7+ {[%emt 0:00:00]} Bf7 {[%emt 0:00:00]} 35. b4 {[%emt 0:00:00]} Qd6 {[%emt 0:00:00]} 36. b5 {[%emt 0:00:00]} Rb2 {[%emt 0:00:00]} 37. Rc7 {[%emt 0:00:00]} Qd4+ {[%emt 0:00:00]} 38. Qxd4 {[%emt 0:00:00]} exd4 {[%emt 0:00:00]} 39. Rd7 {[%emt 0:00:00]} Rb4 {[%emt 0:00:00]} 40. e5 {[%emt 0:00:00]} Kf8 {[%emt 0:00:00]} 41. Rd6 {[%emt 0:00:00]} Be8 {[%emt 0:00:00]} 42. b6 {[%emt 0:00:00]} Rb1 {[%emt 0:00:00]} 43. b7 {[%emt 0:00:00]} Ke7 {[%emt 0:00:00]} 44. b8=Q {[%emt 0:00:00]} Rxb8 {[%emt 0:00:00]} 45. Bd3 {[%emt 0:00:00]} Ra8 {[%emt 0:00:00]} 46. Kf1 {[%emt 0:00:00]} Ra1+ {[%emt 0:00:00]} 47. Ke2 {[%emt 0:00:00]} Ra2+ {[%emt 0:00:00]} 48. Kf1 {[%emt 0:00:00]} Rf2+ {[%emt 0:00:00]} 49. Ke1 {[%emt 0:00:00]} Rxg2 {[%emt 0:00:00]} 50. Kf1 {[%emt 0:00:00]} Rf2+ {[%emt 0:00:00]} 51. Kg1 {[%emt 0:00:00]} Bd7 {[%emt 0:00:00]} 52. Rxd4 {[%emt 0:00:00]} Bxh3 {[%emt 0:00:00]} 0-1

[Event "4NCL Div 1 2018-19"]
[Site "Daventry"]
[Date "2019.01.12"]
[Round "3"]
[White "Roy, Ali"]
[Black "Derakhshani, Borna"]
[Result "0-1"]
[WhiteElo "1897"]
[BlackElo "2322"]
[Annotator "NA"]
[PlyCount "104"]
[EventDate "2019.01.12"]
[EventCountry "GBR"]
[SourceTitle "playchess.com"]
[Source "ChessBase"]
[SourceQuality "1"]
[TimeControl "40"]

1. d4 {[%emt 0:00:00]} Nf6 {[%emt 0:00:00]} 2. c4 {[%emt 0:00:00]} d5 {[%emt 0:00:00]} 3. Nf3 {[%emt 0:00:00]} c6 {[%emt 0:00:00]} 4. e3 {[%emt 0:00:00]} e6 {[%emt 0:00:00]} 5. Nc3 {[%emt 0:00:00]} Nbd7 {[%emt 0:00:00]} 6. Bd3 {[%emt 0:00:00]} dxc4 {[%emt 0:00:00]} 7. Bxc4 {[%emt 0:00:00]} b5 {[%emt 0:00:00]} 8. Bd3 {[%emt 0:00:00]} Bb7 {[%emt 0:00:00]} 9. O-O {[%emt 0:00:00]} Be7 {[%emt 0:00:00]} 10. b3 {[%emt 0:00:00]} O-O {[%emt 0:00:00]} 11. Bb2 {[%emt 0:00:00]} a5 {[%emt 0:00:00]} 12. Rc1 {[%emt 0:00:00]} Qb6 {[%emt 0:00:00]} 13. Qe2 {[%emt 0:00:00]} a4 {[%emt 0:00:00]} 14. bxa4 {[%emt 0:00:00]} b4 {[%emt 0:00:00]} 15. Ne4 {[%emt 0:00:00]} Rxa4 {[%emt 0:00:00]} 16. Nxf6+ {[%emt 0:00:00]} Nxf6 {[%emt 0:00:00]} 17. Bc4 {[%emt 0:00:00]} Nd7 {[%emt 0:00:00]} 18. Rfd1 {[%emt 0:00:00]} Rfa8 {[%emt 0:00:00]} 19. Bb3 {[%emt 0:00:00]} R4a5 {[%emt 0:00:00]} 20. Nd2 {[%emt 0:00:00]} Rg5 {[%emt 0:00:00]} 21. f4 {[%emt 0:00:00]} Rg6 {[%emt 0:00:00]} 22. Nf3 {[%emt 0:00:00]} Qa5 {[%emt 0:00:00]} 23. e4 {[%emt 0:00:00]} Qh5 {[%emt 0:00:00]} 24. Rd2 {[%emt 0:00:00]} Qg4 {[%emt 0:00:00]} 25. f5 {[%emt 0:00:00]} Rh6 {[%emt 0:00:00]} 26. fxe6 {[%emt 0:00:00]} fxe6 {[%emt 0:02:28]} 27. d5 {[%emt 0:00:00]} c5 {[%emt 0:00:00]} 28. dxe6 {[%emt 0:00:00]} Nf8 {[%emt 0:00:00]} 29. Bd5 {[%emt 0:00:00]} Ba6 {[%emt 0:00:00]} 30. Qf2 {[%emt 0:00:00]} Rc8 {[%emt 0:00:00]} 31. Ne5 {[%emt 0:00:00]} Qh5 {[%emt 0:00:00]} 32. Qf7+ {[%emt 0:00:00]} Qxf7 {[%emt 0:00:00]} 33. exf7+ {[%emt 0:00:00]} Kh8 {[%emt 0:00:00]} 34. Rf2 {[%emt 0:00:00]} Bg5 {[%emt 0:00:00]} 35. Rcc2 {[%emt 0:00:00]} Be3 {[%emt 0:00:00]} 36. a3 {[%emt 0:00:00]} b3 {[%emt 0:00:00]} 37. Bxb3 {[%emt 0:00:00]} Rb6 {[%emt 0:00:00]} 38. Bc4 {[%emt 0:00:00]} Rcb8 {[%emt 0:00:00]} 39. Bxa6 {[%emt 0:00:00]} Rxb2 {[%emt 0:00:00]} 40. Rxb2 {[%emt 0:00:02]} Rxb2 {[%emt 0:00:00]} 41. Ng4 {[%emt 0:00:00]} Bxf2+ {[%emt 0:00:00]} 42. Nxf2 {[%emt 0:00:00]} Rb1+ {[%emt 0:00:00]} 43. Bf1 {[%emt 0:00:00]} c4 {[%emt 0:00:00]} 44. Ng4 {[%emt 0:00:00]} c3 {[%emt 0:00:00]} 45. Ne3 {[%emt 0:00:00]} Rc1 {[%emt 0:00:00]} 46. Kf2 {[%emt 0:00:00]} c2 {[%emt 0:00:00]} 47. Nxc2 {[%emt 0:00:00]} Rxc2+ {[%emt 0:00:00]} 48. Ke3 {[%emt 0:00:00]} Ra2 {[%emt 0:00:00]} 49. e5 {[%emt 0:00:00]} Rxa3+ {[%emt 0:00:00]} 50. Ke4 {[%emt 0:00:00]} g6 {[%emt 0:00:00]} 51. Kd5 {[%emt 0:00:00]} Kg7 {[%emt 0:00:00]} 52. e6 {[%emt 0:00:00]} Kf6 {[%emt 0:00:00]} 0-1